| 000 | 01064cam a2200277 a 4500 | ||
|---|---|---|---|
| 001 | 708600 | ||
| 005 | 20250723160602.0 | ||
| 008 | 970421s1997 miu bd 000 0 eng | ||
| 020 |
_a0801021448 _qpbk. |
||
| 020 |
_a9780801021442 _q(pbk.) |
||
| 041 | 0 |
_aeng _ager |
|
| 050 | 0 | 0 |
_aBR95 _b.M53 1997 |
| 082 | 0 | 0 |
_a230/.03 _221 |
| 245 | 0 | 0 |
_aModern theological German : _ba reader and dictionary / _c[edited by] Helmut W. Ziefle. |
| 260 |
_aGrand Rapids, Mich. : _bBaker Books, _cc1997. |
||
| 300 |
_a302, 357 p. ; _c22 cm. |
||
| 500 | _a"Combines the former Theological German, a reader, and Dictionary of modern theological German"--Pref. | ||
| 650 | 0 |
_aTheology _xDictionaries _xGerman. |
|
| 650 | 0 |
_aGerman language _xDictionaries _xEnglish. |
|
| 650 | 0 |
_aGerman language _xTerms and phrases. |
|
| 650 | 0 |
_aGerman language _xReaders _xTheology. |
|
| 650 | 0 |
_aGerman language _xTextbooks for foreign speakers _xEnglish. |
|
| 700 | 1 |
_aZiefle, Helmut W., _d1939- |
|
| 700 | 1 | 2 |
_aZiefle, Helmut W., _d1939- _tDictionary of modern theological German. |
| 942 |
_2lcc _cBK _n0 |
||
| 999 |
_c7122 _d7122 |
||